[Event "GER-chT U16"]
[Site "Kiel"]
[Date "2022.07.24"]
[Round "3.2"]
[White "Kvantaliani, Saba"]
[Black "Beck, Felix"]
[Result "1/2-1/2"]
[WhiteElo "1664"]
[BlackElo "1501"]
[PlyCount "78"]
[EventDate "2022.07.22"]
[EventType "team-swiss"]
[EventRounds "7"]
[EventCountry "GER"]
[SourceTitle "CBM 209 Extra"]
[Source "ChessBase"]
[SourceDate "2022.09.30"]
[SourceVersion "1"]
[SourceVersionDate "2022.09.30"]
[SourceQuality "1"]
[WhiteTeam "Muenster"]
[BlackTeam "Berlin SF"]
[WhiteTeamCountry "GER"]
[BlackTeamCountry "GER"]

1. c4 c6 2. d4 d5 3. Nc3 Nf6 4. Nf3 e6 5. e3 Be7 6. a4 Nbd7 7. a5 0-0 8. Qa4 c5 9. Be2 a6 10. 0-0 Qc7 11. Qb3 b6 12. cxd5 exd5 13. Nxd5 Nxd5 14. Qxd5 Bb7 15. axb6 Nxb6 16. Qb3 a5 17. Qc2 Rfc8 18. Bd2 a4 19. b3 cxd4 20. Qxc7 Rxc7 21. Nxd4 axb3 22. Ba5 b2 23. Ra2 Rc1 24. Rxb2 Rxf1+ 25. Bxf1 Rxa5 26. Rxb6 Be4 27. f3 Ba8 28. Nf5 Rxf5 29. Rb8+ Bf8 30. Rxa8 g6 31. Bc4 Rc5 32. Ba2 Rc7 33. f4 Kg7 34. Kf2 Bc5 35. Kf3 Ra7 36. Rxa7 Bxa7 37. g4 f6 38. e4 Bb8 39. h4 h6 1/2-1/2

[Event "GER-chT Christmas U20"]
[Site "Playchess.com INT"]
[Date "2020.12.29"]
[Round "3.3"]
[White "Wolf, Pablo"]
[Black "Kvantaliani, Saba"]
[Result "0-1"]
[WhiteElo "2001"]
[BlackElo "1535"]
[PlyCount "74"]
[EventDate "2020.12.29"]
[EventType "team-swiss (blitz)"]
[EventRounds "7"]
[EventCountry "GER"]
[SourceTitle "CBM 200 Extra"]
[Source "ChessBase"]
[SourceDate "2021.03.31"]
[SourceVersion "1"]
[SourceVersionDate "2021.03.31"]
[SourceQuality "1"]
[WhiteTeam "Bamberg"]
[BlackTeam "Muenster II"]
[WhiteTeamCountry "GER"]
[BlackTeamCountry "GER"]

1. e4 c5 2. Nc3 d6 3. g3 Nc6 4. Bg2 Rb8 5. d3 g6 6. Be3 Bg7 7. Qd2 Bd7 8. h3 Qa5 9. f4 Nd4 10. Nf3 Nxf3+ 11. Bxf3 Nf6 12. Bg2 Nh5 13. Bf2 Rc8 14. 0-0 0-0 15. Kh2 Bd4 16. Rfd1 e6 17. Bf3 Nf6 18. Bxd4 cxd4 19. Nd5 Qxd2+ 20. Rxd2 exd5 21. exd5 Rfe8 22. Kg2 Re3 23. g4 h6 24. Kf2 Rce8 25. Rg1 b6 26. Rf1 Bc8 27. Rg1 Bb7 28. c4 dxc3 29. bxc3 Bxd5 30. Bd1 Rxh3 31. Kf1 Rhe3 32. Kf2 Kg7 33. c4 Bc6 34. a4 d5 35. cxd5 Nxd5 36. f5 Nf4 37. Rg3 Nh3+ 0-1

[Event "GER-chT Christmas U16 Lasker"]
[Site "Playchess.com INT"]
[Date "2020.12.28"]
[Round "1.1"]
[White "Hetzner, Hannes"]
[Black "Kvantaliani, Saba"]
[Result "0-1"]
[WhiteElo "1983"]
[BlackElo "1535"]
[PlyCount "128"]
[EventDate "2020.12.28"]
[EventType "team-swiss (blitz)"]
[EventRounds "7"]
[EventCountry "GER"]
[SourceTitle "CBM 200 Extra"]
[Source "ChessBase"]
[SourceDate "2021.03.31"]
[SourceVersion "1"]
[SourceVersionDate "2021.03.31"]
[SourceQuality "1"]
[WhiteTeam "Erlangen"]
[BlackTeam "Muenster II"]
[WhiteTeamCountry "GER"]
[BlackTeamCountry "GER"]

1. e4 c5 2. Nf3 d6 3. d4 Nf6 4. e5 dxe5 5. dxe5 Qxd1+ 6. Kxd1 Ne4 7. Be3 Bg4 8. Be2 e6 9. h3 Bf5 10. Nh4 Nc6 11. g4 Bg6 12. Bd3 0-0-0 13. Ke1 f5 14. Bxe4 fxe4 15. Nxg6 hxg6 16. Bf4 Nd4 17. Na3 c4 18. Be3 Bb4+ 19. Kf1 Bxa3 20. Bxd4 Rxd4 21. bxa3 Rhd8 22. Re1 R8d5 23. Re2 Rxe5 24. f4 Ra5 25. Kf2 Rxa3 26. Ra1 Rxh3 27. Kg2 Rf3 28. Rxe4 Rxf4 29. Rxf4 Rxf4 30. Kg3 Rd4 31. Re1 Kd7 32. Re2 c3 33. Re3 Rc4 34. Kh4 a5 35. Kg5 b5 36. Rg3 a4 37. a3 b4 38. axb4 a3 39. Rg1 Rxb4 40. Ra1 Ra4 41. Kxg6 Rxg4+ 42. Kf7 Rg2 43. Rxa3 Rxc2 44. Kxg7 Kd6 45. Kf6 Rf2+ 46. Kg5 c2 47. Rd3+ Ke5 48. Rc3 Kd4 49. Rc6 e5 50. Kg4 e4 51. Kg3 e3 52. Rd6+ Kc3 53. Rc6+ Kb2 54. Rb6+ Ka3 55. Ra6+ Kb4 56. Rc6 Kb3 57. Rb6+ Kc3 58. Rc6+ Kd2 59. Rd6+ Ke2 60. Rc6 Ke1 61. Rc8 Rd2 62. Kf3 e2 63. Rh8 Kd1 64. Rh1+ e1Q 0-1

[Event "GER Pfingstopen U16"]
[Site "Playchess.com INT"]
[Date "2020.06.05"]
[Round "2"]
[White "Kvantaliani, Saba"]
[Black "Burkart, Lloyd Shang"]
[Result "0-1"]
[WhiteElo "1620"]
[BlackElo "1921"]
[PlyCount "138"]
[EventDate "2020.06.05"]
[EventType "swiss (blitz)"]
[EventRounds "11"]
[EventCountry "GER"]
[SourceTitle "CBM 197 Extra"]
[Source "ChessBase"]
[SourceDate "2020.09.30"]
[SourceVersion "1"]
[SourceVersionDate "2020.09.30"]
[SourceQuality "1"]

1. e4 e5 2. Nf3 Nc6 3. Bc4 g6 4. d3 Bg7 5. Nc3 d6 6. Be3 Nf6 7. 0-0 0-0 8. h3 Be6 9. Bb3 Qd7 10. Kh2 Rfe8 11. Qd2 Rad8 12. Bh6 Bxb3 13. axb3 d5 14. Bxg7 Kxg7 15. exd5 Nxd5 16. Nxd5 Qxd5 17. Rfe1 e4 18. Qc3+ Kg8 19. dxe4 Rxe4 20. Rxe4 Qxe4 21. Re1 Qf4+ 22. Kh1 h6 23. Qc5 a6 24. b4 Qxb4 25. Qe3 Kh7 26. b3 Rd7 27. Kh2 Qd6+ 28. Kh1 Re7 29. Qc1 Rxe1+ 30. Qxe1 Qe7 31. Qd2 a5 32. Kh2 Qd6+ 33. Qxd6 cxd6 34. c3 Kg7 35. Kg3 Kf6 36. Kf4 b5 37. Ke4 Ke6 38. g4 f5+ 39. Kd3 Kd5 40. gxf5 gxf5 41. Nh4 Ke5 42. Ke3 a4 43. f4+ Kf6 44. bxa4 bxa4 45. Ng2 a3 46. Ne1 Na5 47. Nc2 Nb3 48. Nb4 Nc5 49. Kd2 Ke6 50. Kc2 h5 51. Kb1 Ne4 52. Ka2 Nxc3+ 53. Kxa3 Ne2 54. Nd3 Ng1 55. Nf2 Kd5 56. Kb3 Kd4 57. Kc2 Ke3 58. Nd3 Nxh3 59. Nb4 Nxf4 60. Kd1 Kf2 61. Nd3+ Nxd3 62. Kd2 h4 63. Kxd3 h3 64. Kd4 h2 65. Kd3 h1Q 66. Kd4 Qe4+ 67. Kc3 Qd5 68. Kc2 Qd4 69. Kb3 Qc5 0-1

[Event "GER Pfingstopen U16"]
[Site "Playchess.com INT"]
[Date "2020.06.05"]
[Round "5"]
[White "Kvantaliani, Saba"]
[Black "Kullmann, Max"]
[Result "1-0"]
[WhiteElo "1620"]
[BlackElo "1568"]
[PlyCount "45"]
[EventDate "2020.06.05"]
[EventType "swiss (blitz)"]
[EventRounds "11"]
[EventCountry "GER"]
[SourceTitle "CBM 197 Extra"]
[Source "ChessBase"]
[SourceDate "2020.09.30"]
[SourceVersion "1"]
[SourceVersionDate "2020.09.30"]
[SourceQuality "1"]

1. e4 d5 2. exd5 Qxd5 3. Nc3 Qa5 4. Nf3 Nf6 5. Bc4 Bf5 6. d3 c6 7. Bd2 Qc7 8. 0-0 e6 9. Qe2 Bd6 10. Bg5 Nbd7 11. h3 h6 12. Bd2 0-0 13. Rac1 Nh5 14. g4 Nf4 15. Bxf4 Bxf4 16. gxf5 Bxc1 17. fxe6 Bf4 18. exd7 Qxd7 19. Kg2 Rfe8 20. Ne4 Qf5 21. Nh4 Qd7 22. Qg4 Be5 23. Qxd7 1-0

[Event "GER-chT U14"]
[Site "Magdeburg"]
[Date "2019.12.30"]
[Round "7.7"]
[White "Kvantaliani, Saba"]
[Black "Karpen, Jakob"]
[Result "1-0"]
[WhiteElo "1523"]
[BlackElo "1381"]
[PlyCount "109"]
[EventDate "2019.12.27"]
[EventType "team-swiss"]
[EventRounds "7"]
[EventCountry "GER"]
[SourceTitle "CBM 194 Extra"]
[Source "ChessBase"]
[SourceDate "2020.03.31"]
[SourceVersion "1"]
[SourceVersionDate "2020.03.31"]
[SourceQuality "1"]
[WhiteTeam "Muenster 32"]
[BlackTeam "Vaterstetten Grasbrunn"]
[WhiteTeamCountry "GER"]
[BlackTeamCountry "GER"]

1. e4 e5 2. Nc3 Nf6 3. Bc4 Bc5 4. Nf3 Nc6 5. d3 d6 6. Bg5 h6 7. Bh4 Bg4 8. h3 Bh5 9. Nd5 Nd4 10. Nxf6+ gxf6 11. g4 Bg6 12. Nxd4 Bxd4 13. c3 Bb6 14. Qf3 Rh7 15. Bxf6 Qd7 16. Qg3 c6 17. 0-0-0 Bd8 18. Bxd8 Qxd8 19. f4 f6 20. f5 Bf7 21. Bxf7+ Kxf7 22. h4 Rg7 23. d4 Qe7 24. Rhg1 Rag8 25. dxe5 dxe5 26. Qf3 c5 27. Rd5 b6 28. Qd1 Ke8 29. Qa4+ Kf8 30. Qd1 Ke8 31. Rd6 b5 32. Re6 h5 33. Rxe7+ Kxe7 34. Qd5 Rxg4 35. Qe6+ Kf8 36. Qxf6+ Ke8 37. Qxe5+ Kf7 38. Rd1 Rg1 39. Qc7+ Kf6 40. Qxc5 Rxd1+ 41. Kxd1 Rd8+ 42. Ke2 b4 43. Qc4 Re8 44. Qxb4 a5 45. Qd4+ Kf7 46. e5 a4 47. Qd7+ Re7 48. e6+ Kf6 49. Qd5 a3 50. b3 Kg7 51. Qe5+ Kh7 52. f6 Re8 53. Qxh5+ Kg8 54. Qg6+ Kf8 55. Qg7# 1-0